| 000 | 00369cam a22001217a 4500 | ||
|---|---|---|---|
| 999 |
_c508292 _d508292 |
||
| 008 | 180718b1954 xxu||||| |||| 00| 0 eng d | ||
| 082 | _aT000x5413 | ||
| 100 |
_aIndia. Department of Public Relations _93537 |
||
| 245 |
_aFive year plan, Bihar _cby Department of Public Relations |
||
| 260 |
_aPatna _bDepartment of Public Relations _c1954 |
||
| 300 | _a25p. | ||
| 942 | _2ddc | ||